<?xml version="1.0" encoding="UTF-8"?><?xml-stylesheet type="text/xsl" href="static/style.xsl"?><OAI-PMH xmlns="http://www.openarchives.org/OAI/2.0/" xmlns:xsi="http://www.w3.org/2001/XMLSchema-instance" xsi:schemaLocation="http://www.openarchives.org/OAI/2.0/ http://www.openarchives.org/OAI/2.0/OAI-PMH.xsd"><responseDate>2026-04-29T11:59:30Z</responseDate><request verb="GetRecord" identifier="oai:riubu.ubu.es:10259/3864" metadataPrefix="marc">https://riubu.ubu.es/oai/request</request><GetRecord><record><header><identifier>oai:riubu.ubu.es:10259/3864</identifier><datestamp>2022-12-19T13:14:34Z</datestamp><setSpec>com_10259_3593</setSpec><setSpec>com_10259_5086</setSpec><setSpec>com_10259_2604</setSpec><setSpec>col_10259_3594</setSpec></header><metadata><record xmlns="http://www.loc.gov/MARC21/slim" xmlns:doc="http://www.lyncode.com/xoai" xmlns:xsi="http://www.w3.org/2001/XMLSchema-instance" xmlns:dcterms="http://purl.org/dc/terms/" xsi:schemaLocation="http://www.loc.gov/MARC21/slim http://www.loc.gov/standards/marcxml/schema/MARC21slim.xsd">
<leader>00925njm 22002777a 4500</leader>
<datafield tag="042" ind1=" " ind2=" ">
<subfield code="a">dc</subfield>
</datafield>
<datafield tag="720" ind1=" " ind2=" ">
<subfield code="a">Sanz Díez, Roberto</subfield>
<subfield code="e">author</subfield>
</datafield>
<datafield tag="720" ind1=" " ind2=" ">
<subfield code="a">Miguel, Delia</subfield>
<subfield code="e">author</subfield>
</datafield>
<datafield tag="720" ind1=" " ind2=" ">
<subfield code="a">Martínez Cuezva, Alberto</subfield>
<subfield code="e">author</subfield>
</datafield>
<datafield tag="720" ind1=" " ind2=" ">
<subfield code="a">Gohain, Mukut</subfield>
<subfield code="e">author</subfield>
</datafield>
<datafield tag="720" ind1=" " ind2=" ">
<subfield code="a">García García, Patricia</subfield>
<subfield code="e">author</subfield>
</datafield>
<datafield tag="720" ind1=" " ind2=" ">
<subfield code="a">Fernández Rodríguez, Manuel A.</subfield>
<subfield code="e">author</subfield>
</datafield>
<datafield tag="720" ind1=" " ind2=" ">
<subfield code="a">Álvarez Manuel, Estela</subfield>
<subfield code="e">author</subfield>
</datafield>
<datafield tag="720" ind1=" " ind2=" ">
<subfield code="a">Rodríguez, Félix</subfield>
<subfield code="e">author</subfield>
</datafield>
<datafield tag="260" ind1=" " ind2=" ">
<subfield code="c">2010-12</subfield>
</datafield>
<datafield tag="520" ind1=" " ind2=" ">
<subfield code="a">Direct alkylation of indoles with a wide variety of tertiary propargylic alcohols under Brønsted acid catalysis conditions has been studied. A general and environmentally friendly method for the synthesis of 3-propargylated indoles with quaternary carbon atoms at their propargylic positions has been developed. The reactions are highly regioselective with regard both to the indole and to the alkynol components. Only with N-unsubstituted 2-arylindoles do competitive SN′ reactions take place to afford 3-dienyl- or 3-allenylindoles, depending on the alkynol moiety. The reactions were carried out in air with undried solvents, and water was the only side product.</subfield>
</datafield>
<datafield tag="024" ind2=" " ind1="8">
<subfield code="a">1434-193X</subfield>
</datafield>
<datafield tag="024" ind2=" " ind1="8">
<subfield code="a">http://hdl.handle.net/10259/3864</subfield>
</datafield>
<datafield tag="024" ind2=" " ind1="8">
<subfield code="a">10.1002/ejoc.201001055</subfield>
</datafield>
<datafield ind1=" " ind2=" " tag="653">
<subfield code="a">Indoles</subfield>
</datafield>
<datafield ind1=" " ind2=" " tag="653">
<subfield code="a">Alkylation</subfield>
</datafield>
<datafield ind1=" " ind2=" " tag="653">
<subfield code="a">Brønsted acids</subfield>
</datafield>
<datafield ind1=" " ind2=" " tag="653">
<subfield code="a">Alcohols</subfield>
</datafield>
<datafield ind1=" " ind2=" " tag="653">
<subfield code="a">Nucleophilic substitution</subfield>
</datafield>
<datafield tag="245" ind1="0" ind2="0">
<subfield code="a">Brønsted Acid Catalyzed Alkylation of Indoles with Tertiary Propargylic Alcohols: Scope and Limitations</subfield>
</datafield>
</record></metadata></record></GetRecord></OAI-PMH>